| 000 | 00000nam##2200000za#4500 |
| 001 | 9.600559 |
| 003 | CaOODSP |
| 005 | 20210624205636 |
| 007 | cr ||||||||||| |
| 008 | 150406|1999||||xxc|||||o f|0| 0 fre|d |
| 040 | |aCaOODSP|bfre |
| 043 | |an-cn--- |
| 086 | 1 |aBT31-4/61-1999F-PDF |
| 110 | 1 |aCanada. |bConseil du trésor. |
| 245 | 10|aBureau de l'Enquêteur correctionnel, rapport sur le rendement pour la période se terminant le 31 mars 1999 |h[ressource électronique] |
| 260 | |aOttawa - Ontario : |bSecrétariat du Conseil du Trésor du Canada |
| 300 | |a18p.|bgraphiques, organigramme, tableaux |
| 490 | 1 |aRapport sur le rendement pour la période se terminant le 31 mars 1999 |
| 500 | |aLe n° de catalogue (BT31-4/61-1999) et l'ISBN (0-660-61073-6) de l'édition imprimée bilingue ont été incorrectement copiés dans cette édition électronique. |
| 590 | |a12-27-Supp|b2012-06-12 |
| 775 | 08|tOffice of the Correctional Investigator, performance report for the period ending March 31, 1999 |w(CaOODSP)9.569357 |
| 776 | 0#|tOffice of the Correctional Investigator |w(CaOODSP)9.532522 |
| 776 | 0#|tBureau de l'Enquêteur correctionnel |w(CaOODSP)9.532523 |
| 830 | #0|aRapport sur le rendement pour la période se terminant le 31 mars 1999.|w(CaOODSP)9.502657 |
| 856 | 40|ahttp://publications.gc.ca|qPDF|s118 Ko|uhttps://publications.gc.ca/collections/Collection/BT31-4-61-1999F.pdf |